Implementácia EFC kryptosystému pre konečné polia GF(2^k) a GF(p)

Salvato in:
Dettagli Bibliografici
Autore principale: Páleník, Rastislav (Autore)
Altri autori: Hromada, Viliam (Relatore della tesi)
Natura: Manoscritto Libro
Lingua:slovacco
Pubblicazione: 2019
Soggetti:
Accesso online:http://is.stuba.sk/zp/portal_zp.pl?podrobnosti=137398
Tags: Aggiungi Tag
Nessun Tag, puoi essere il primo ad aggiungerne!!

MARC

LEADER 00000ntm a22000003a 4500
001 stuzp66389
003 SK-STU
005 20190823102312.7
007 ta
008 150427s2015----xo-----f-mn---000-0-slo-d
040 |a STU  |b slo 
041 0 |a slo 
044 |a xo 
100 1 |a Páleník, Rastislav  |u 035000  |k Z4  |4 aut  |U FEI Fakulta elektrotechniky a informatiky  |T FEI Ústav informatiky a matematiky  |X 64211  |U E050  |Y 816  |7 64211 
242 0 1 |a The Implementation of EFC-cryptosystem over Finite Fields GF(2^k) and GF(p)  |y eng 
245 1 0 |a Implementácia EFC kryptosystému pre konečné polia GF(2^k) a GF(p) 
260 |c 2019 
300 |a 25 s.,  |b CD-ROM 
650 4 |a Extension field cancelation  |2 slo 
650 4 |a EFC  |2 slo 
650 4 |a Galois Field  |2 slo 
650 4 |a Sagemath  |2 slo 
650 4 |a Multivariate cryptography  |2 slo 
650 4 |a Post-kvantová kryptografia  |2 slo 
650 4 |a Extension field cancelation  |2 eng 
650 4 |a Galois Field  |2 eng 
650 4 |a Sagemath  |2 eng 
650 4 |a Multivariate cryptography  |2 eng 
650 4 |a EFC  |2 eng 
650 4 |a Post-quantum cryptography  |2 eng 
700 1 |a Hromada, Viliam  |u 035000  |k Z1  |4 ths  |U FEI Fakulta elektrotechniky a informatiky  |T FEI Ústav informatiky a matematiky  |X 36029  |U E050  |Y 816  |7 A000036029 
856 4 |u http://is.stuba.sk/zp/portal_zp.pl?podrobnosti=137398 
996 |b 284EP12334  |c E*DIPL- 12334  |l EE35  |s P  |a 0  |w stuzp66389_0001